000 00616nam a2200181Ia 4500
008 100921s9999 xx 000 0 und d
082 _b20114
_a040 थ 86
100 _aखाडिलकर नीलकंठ यशवंत.
245 _aलेखननामा.
260 _bशलाका प्रकाशन,मुंबई.
_c1986
300 _a203
_b---
365 _b30
520 _aसंकीर्ण-लेख,निबंध.
630 _aलेखननामा.
650 _aसंकीर्ण-लेख,निबंध.
730 _aलेखननामा.
942 _cBOOK
999 _c769227
_d769224